| 000 | 01297nam a2200253Ia 4500 | ||
|---|---|---|---|
| 003 | Ost | ||
| 005 | 20260507075358.0 | ||
| 008 | 260507s9999||||xx |||||||||||||| ||und|| | ||
| 020 | _a51266995797 | ||
| 040 | _cfsecg | ||
| 041 | _aara | ||
| 082 | _a330 | ||
| 100 |
_aالزبون، عطا الله علي _eمؤلف |
||
| 245 | 0 |
_aالتجارة الخارجية / _c عطا الله علي الزبون |
|
| 260 |
_aعمان: _bداراليازوري العلمية للنشر والتوزيع, _c2015 |
||
| 300 |
_a250 صفحة؛ _bإيضاحات ؛ _c25 سم |
||
| 504 | _aالمراجع ص.241 | ||
| 520 | _aالخلفية النظرية للتجارة الدولية وللسياسات التجارية، السياسات الحكومية والتجارة الخارجية، ميزان المدفوعات، نظريات التجارة الخارجية، تطور التجارة الخارجية في السنوات الأخيرة ، دور التجارة الدولية في الإقتصاد الأردني ، السوق الأوروبية المشتركة | ||
| 653 | _aالأردن- التجارة الخارجية | ||
| 653 | _aالتجارة | ||
| 653 | _aالتجارة الخارجية | ||
| 653 | _aالعلاقات الإقتصادية الدولية | ||
| 942 | _cكتاب | ||
| 999 |
_c44258 _d44258 |
||